Loreto College Library, Kolkata
WEBOPAC (ONLINE PUBLIC ACCESS CATALOGUE)

Rabindra-satayan (Record no. 17028)

MARC details
000 -LEADER
fixed length control field 00541nam a2200193Ia 4500
005 - DATE AND TIME OF LATEST TRANSACTION
control field 20230518115025.0
008 - FIXED-LENGTH DATA ELEMENTS--GENERAL INFORMATION
fixed length control field 131103s9999 xx 000 0 und d
040 ## - CATALOGING SOURCE
Original cataloging agency Loreto College
041 ## - LANGUAGE CODE
Language code English
082 ## - DDC | ডিউই
Classification number | বর্গসংখ্যা TAG 891.44
Book Number | গ্রন্থাঙ্ক TAG-ROY
100 ## - MAIN ENTRY--PERSONAL NAME | মুখ্য সংলেখ - ব্যাক্তিনাম
Personal name | ব্যাক্তিনাম Roy, Uma
245 ## - TITLE STATEMENT | অাখ্যা বিবরণী
Title | অাখ্যা Rabindra-satayan
Statement of responsibility | লেখকের দায়িত্বের বিবরণ Uma Roy and Sujata Choudhury
260 ## - IMPRINT | প্রকাশনা ক্ষেত্র
Place of publication | প্রকাশ স্থান Calcutta
Name of publisher | প্রকাশকের নাম Bethun College
Date of publication | প্রকাশ কাল [19-]
300 ## - PHYSICAL DESCRIPTION |
Page / Vol. No | পৃষ্ঠা / খন্ড সংখ্যা 134p
650 ## - SUBJECT ADDED ENTRY--TOPICAL TERM | বিষয় শিরোনাম - মূল বিষয়
Topical term | মূল বিষয় Tagore, Rabindranath, 1861-1941 - Criticism and Interpretation
651 ## - SUBJECT ADDED ENTRY--GEOGRAPHIC NAME | বিষয় শিরোনাম - ভৌগলিক নাম
Geographic name | ভৌগলিক বিষয় Bengali Literature
850 ## - HOLDING INSTITUTION
Holding institution LCLIB
942 ## - ADDED ENTRY ELEMENTS (KOHA)
Koha item type Books
Holdings
Withdrawn status Lost status Source of classification Damaged status Not for loan Home library Current library Date acquired Total Checkouts Full call number Accession No. Date last seen Price effective from Koha item type Coded location qualifier
    Dewey Decimal Classification     Loreto College Loreto College 04/11/2013   TAG 891.44 TAG-ROY 19242 B17209 04/11/2013 04/11/2013 Books  
    Dewey Decimal Classification     Loreto College Loreto College 04/11/2013   TAG 891.44 TAG-ROY 19241 B17210 04/11/2013 04/11/2013 Books